[Event "24.Schlosspark-Open"]
[Site "Wiesbaden-Biebrich"]
[Date "2012.08.26"]
[Round "7.79"]
[White "Schöneberger, Thomas"]
[Black "Hoffmann, Jens"]
[Result "0-1"]
[WhiteElo "1393"]
[BlackElo "1406"]
[PlyCount "70"]
[EventDate "2012.??.??"]
[WhiteTeam "SC 1979 Hattersheim"]
[BlackTeam "SF HN-Biberach 1978 e.V."]

1. e4 c5 2. Nc3 d6 3. Bc4 Nf6 4. d3 g6 5. h3 Bg7 6. Bd2 Nc6 7. Nf3 Bd7 8. O-O
O-O 9. Ne2 a6 10. Re1 b5 11. Bd5 Nxd5 12. exd5 Ne5 13. Nxe5 Bxe5 14. Rb1 a5 15.
c3 Bf5 16. Bf4 c4 17. Bxe5 dxe5 18. Nc1 Qxd5 19. Qe2 cxd3 20. Qd2 Rfc8 21. f3
Qc5+ 22. Re3 f6 23. g4 Be6 24. Nxd3 Qb6 25. b3 Rxc3 26. Rbe1 Rc7 27. Kg2 a4 28.
b4 Rd8 29. a3 Bc4 30. Rc1 Bxd3 31. Rxc7 Qxc7 32. Rxd3 Rxd3 33. Qxd3 Qb8 34. h4
Qb7 35. g5 Kg7 0-1

[Event "24.Schlosspark-Open"]
[Site "Wiesbaden-Biebrich"]
[Date "2012.08.26"]
[Round "7.80"]
[White "Busch, Günther"]
[Black "Melzig, Leon"]
[Result "1-0"]
[WhiteElo "1321"]
[BlackElo "1006"]
[PlyCount "117"]
[EventDate "2012.??.??"]
[WhiteTeam "FC 1934 Wiesbaden-Bierstadt"]
[BlackTeam "SF HN-Biberach 1978 e.V."]

1. Nf3 Nc6 2. d4 d5 3. g3 Nf6 4. Bg2 Bf5 5. b3 e6 6. Bb2 Bd6 7. a3 O-O 8. O-O
h6 9. Nc3 Re8 10. Nb5 a6 11. Nxd6 Qxd6 12. Ne5 Red8 13. e3 Ne4 14. Rc1 f6 15.
Nxc6 Qxc6 16. c4 Rd7 17. f3 Ng5 18. cxd5 Qxd5 19. e4 Bxe4 20. fxe4 Nxe4 21. Rc5
Qxc5 22. dxc5 Rxd1 23. Rxd1 Nxc5 24. b4 Na4 25. Ba1 c6 26. Rd7 Rb8 27. Bh3 e5
28. Be6+ Kh8 29. Kf2 Nb6 30. Rd6 Re8 31. Bc3 Nc8 32. Bxc8 Rxc8 33. Rd7 Rb8 34.
Ke3 Kg8 35. Ke4 g6 36. Bd2 h5 37. Bh6 Re8 38. Rg7+ Kf8 39. Rxb7+ Kg8 40. Rg7+
Kh8 41. Rxg6 Re6 42. Kf5 Re8 43. Rxf6 e4 44. Re6 Rd8 45. Kxe4 Rd2 46. Bxd2 Kg7
47. Kf5 Kf7 48. Rxc6 Ke7 49. Rxa6 Kd7 50. Rh6 Kc7 51. Kg5 Kb7 52. Kxh5 Ka7 53.
g4 Kb7 54. Bf4 Ka7 55. g5 Kb7 56. g6 Ka7 57. g7 Kb7 58. g8=Q Ka7 59. Qb8# 1-0

[Event "24.Schlosspark-Open"]
[Site "Wiesbaden-Biebrich"]
[Date "2012.08.26"]
[Round "7.81"]
[White "Triantafillidis, Simeon"]
[Black "Viol, Julius"]
[Result "1/2-1/2"]
[WhiteElo "1231"]
[BlackElo "846"]
[PlyCount "38"]
[EventDate "2012.??.??"]
[WhiteTeam "SF HN-Biberach 1978 e.V."]
[BlackTeam "FC 1934 Wiesbaden-Bierstadt"]

1. e4 Nf6 2. Nc3 d5 3. exd5 Nxd5 4. Bc4 Nb6 5. Bb3 c5 6. d3 Nc6 7. Nf3 g6 8.
O-O Bg7 9. Bf4 e5 10. Re1 Qc7 11. Bg3 O-O 12. Nb5 Qe7 13. h3 a6 14. Nc3 Re8 15.
Qd2 Bf5 16. Ng5 Bh6 17. f4 Bxg5 18. fxg5 Rad8 19. Bf2 Qd6 1/2-1/2

[Event "24.Schlosspark-Open"]
[Site "Wiesbaden-Biebrich"]
[Date "2012.08.26"]
[Round "7.82"]
[White "Gießelbach, Christian"]
[Black "Nam, Seung-Zin"]
[Result "0-1"]
[WhiteElo "1066"]
[BlackElo "714"]
[PlyCount "90"]
[EventDate "2012.??.??"]
[WhiteTeam "SAbt TuS Dotzheim"]
[BlackTeam "SF Schwarz-Weiß Merzhausen"]

1. d4 Nf6 2. c4 c5 3. d5 d6 4. Nc3 a6 5. Nf3 g6 6. e4 Qc7 7. Bd3 Bg4 8. O-O Bg7
9. Re1 O-O 10. Be2 Nbd7 11. h3 Bxf3 12. Bxf3 Ne5 13. Bf4 Nxc4 14. b3 Na3 15. e5
dxe5 16. Bxe5 Qa5 17. d6 exd6 18. Qxd6 Ne8 19. Qd5 Rd8 20. Qe4 Bxe5 21. Qxe5
Nc2 22. Rad1 Nxe1 23. Rxe1 Qc7 24. Qe7 Qxe7 25. Rxe7 Rd3 26. Ne2 Rd2 27. Rxb7
Rxa2 28. Nc3 Ra3 29. Nd5 Nd6 30. Ne7+ Kg7 31. Rb6 Nb5 32. Bd5 Re8 33. Nc6 Re1+
34. Kh2 Rf1 35. f3 Raa1 36. b4 cxb4 37. Nxb4 Rfb1 38. Nxa6 Rh1+ 39. Kg3 Nc3 40.
Nc7 Ne2+ 41. Kf2 Nf4 42. Ne8+ Kf8 43. Rb8 Nxd5 44. Nf6+ Kg7 45. Rg8+ Kxf6 0-1

[Event "24.Schlosspark-Open"]
[Site "Wiesbaden-Biebrich"]
[Date "2012.08.26"]
[Round "7.83"]
[White "Lochmann, Tobias"]
[Black "Schreer, Maxima"]
[Result "0-1"]
[WhiteElo "686"]
[BlackElo "674"]
[PlyCount "54"]
[EventDate "2012.??.??"]
[WhiteTeam "SV 1946 Groß-Gerau"]
[BlackTeam "SV 1920 Hofheim"]

1. e4 e5 2. Nc3 Nf6 3. Nf3 Nc6 4. Bc4 Bc5 5. O-O O-O 6. d3 d6 7. Bg5 h6 8. Be3
Ng4 9. Bxc5 dxc5 10. h3 Nf6 11. Nd5 Nh5 12. g3 Bxh3 13. Re1 Rc8 14. Ne3 Qd7 15.
Nd2 Nf6 16. Nd5 Bg4 17. f3 Be6 18. Nxf6+ gxf6 19. Bb5 Qd4+ 20. Kf1 Qxb2 21.
Bxc6 bxc6 22. Nc4 Bxc4 23. dxc4 Rcd8 24. Qe2 Rd4 25. Qe3 Rxc4 26. Qxh6 Rxc2 27.
Qxf6 Rh2 0-1